[Event "Slask-ch Bak Memorial"]
[Site "Chorzow"]
[Date "2016.09.20"]
[Round "6"]
[White "Zabron, Maksym"]
[Black "Muc, Zbigniew"]
[Result "1-0"]
[WhiteElo "1526"]
[BlackElo "1733"]
[PlyCount "55"]
[EventDate "2016.09.17"]
[EventType "swiss"]
[EventRounds "9"]
[EventCountry "POL"]
[SourceTitle "EXT 2018"]
[Source "ChessBase"]
[SourceDate "2017.10.13"]
[SourceVersion "1"]
[SourceVersionDate "2017.10.13"]
[SourceQuality "1"]

1. d4 Nf6 2. c4 e6 3. Nc3 Bb4 4. Bg5 d5 5. e3 c5 6. Nf3 Nc6 7. a3 Bxc3+ 8. bxc3 Qa5 9. Bxf6 Qxc3+ 10. Nd2 gxf6 11. cxd5 exd5 12. Rc1 Qxa3 13. Rxc5 Be6 14. g3 Rd8 15. Bg2 h5 16. h4 Qd3 17. Bf1 Qg6 18. Bb5 Rc8 19. Qc1 0-0 20. 0-0 Ne7 21. Re1 Kh8 22. Kh2 Qf5 23. Kg1 Rg8 24. Bf1 Ng6 25. e4 dxe4 26. Rxf5 Rxc1 27. Rxh5+ Kg7 28. Rxc1 1-0

[Event "Slask-ch Bak Memorial"]
[Site "Chorzow"]
[Date "2016.09.18"]
[Round "4"]
[White "Klementys, Jerzy"]
[Black "Muc, Zbigniew"]
[Result "1-0"]
[WhiteElo "1667"]
[BlackElo "1733"]
[PlyCount "100"]
[EventDate "2016.09.17"]
[EventType "swiss"]
[EventRounds "9"]
[EventCountry "POL"]
[SourceTitle "EXT 2018"]
[Source "ChessBase"]
[SourceDate "2017.10.13"]
[SourceVersion "1"]
[SourceVersionDate "2017.10.13"]
[SourceQuality "1"]

1. d4 Nf6 2. Nf3 e6 3. c4 c5 4. d5 exd5 5. cxd5 d6 6. Nc3 g6 7. e4 Bg7 8. Bd3 0-0 9. h3 a6 10. a4 b6 11. 0-0 Bb7 12. Bf4 Re8 13. Re1 Nh5 14. Bh2 Bf8 15. Nd2 Qc7 16. f4 Nd7 17. Nc4 Ng7 18. e5 f5 19. Qb3 Rab8 20. e6 Nf6 21. Nxb6 Be7 22. a5 h5 23. Bc4 h4 24. Qd1 Ngh5 25. Qd3 Bf8 26. Bxa6 Bxa6 27. Qxa6 Ng3 28. Bxg3 hxg3 29. Re3 Nh5 30. Ne2 Bg7 31. Qb5 Re7 32. Rf3 Qb7 33. Nxg3 Bd4+ 34. Kh2 Nf6 35. Ne2 Rh7 36. Nxd4 cxd4 37. Qc4 Rc7 38. Qxd4 Rf8 39. Rc3 Rh7 40. a6 Qa7 41. Rc6 Ne4 42. Ra4 Qe7 43. Qe3 Qf6 44. Rc2 Qh4 45. a7 Nf6 46. Kg1 Rxa7 47. Rxa7 Rb8 48. Nd7 Nxd5 49. Qf2 Qxf2+ 50. Kxf2 Re8 1-0

[Event "Chorzow op"]
[Site "Chorzow"]
[Date "2010.03.27"]
[Round "8"]
[White "Muc, Zbigniew"]
[Black "Czornik, Adam"]
[Result "0-1"]
[WhiteElo "1835"]
[BlackElo "1766"]
[PlyCount "112"]
[EventDate "2010.03.20"]
[EventType "swiss"]
[EventRounds "9"]
[EventCountry "POL"]
[SourceTitle "EXT 2012"]
[Source "ChessBase"]
[SourceDate "2011.11.24"]
[SourceVersion "1"]
[SourceVersionDate "2011.11.24"]
[SourceQuality "1"]

1. e4 e6 2. d4 d5 3. e5 c5 4. c3 Qb6 5. Nf3 Nc6 6. Bd3 Bd7 7. 0-0 cxd4 8. cxd4 Nxd4 9. Nxd4 Qxd4 10. Qe2 a6 11. Kh1 Ne7 12. Rd1 Nc6 13. Bxa6 Qxe5 14. Qxe5 Nxe5 15. Be2 Bc5 16. f4 Nc4 17. Nc3 Ke7 18. Nxd5+ exd5 19. Rxd5 Rhc8 20. Bxc4 Be6 21. Re5 Bd4 22. Bxe6 Rxc1+ 23. Rxc1 Bxe5 24. Bb3 Bxf4 25. Rf1 Rc8 26. g3 Rc1 27. Kg2 Rxf1 28. Kxf1 Bc1 29. Bd5 b6 30. b3 f6 31. a4 Ba3 32. Ke2 Kd6 33. Bg8 h6 34. Kf3 Ke5 35. Ke3 g5 36. Kd3 f5 37. Kc4 Bc5 38. Kb5 Bg1 39. h3 f4 40. g4 Bd4 41. Bh7 f3 42. Kc4 f2 43. Bd3 Be3 44. Bf1 Ke4 45. Be2 Kf4 46. Kd3 Bc5 47. Bf1 Kg3 48. Ke4 Kh2 49. Kf5 Kg1 50. Bc4 Kg2 51. Kg6 Kxh3 52. Kxh6 Kxg4 53. Kg6 Kf4 54. Bf1 g4 55. Kf6 Kf3 56. Ke5 g3 0-1

[Event "Chorzow op"]
[Site "Chorzow"]
[Date "2010.03.23"]
[Round "4"]
[White "Muc, Zbigniew"]
[Black "Gwozdzik, Zbigniew"]
[Result "1/2-1/2"]
[WhiteElo "1835"]
[BlackElo "1923"]
[PlyCount "116"]
[EventDate "2010.03.20"]
[EventType "swiss"]
[EventRounds "9"]
[EventCountry "POL"]
[SourceTitle "EXT 2012"]
[Source "ChessBase"]
[SourceDate "2011.11.24"]
[SourceVersion "1"]
[SourceVersionDate "2011.11.24"]
[SourceQuality "1"]

1. e4 Nf6 2. e5 Nd5 3. d4 d6 4. c4 Nb6 5. f4 dxe5 6. fxe5 c5 7. Nf3 Bg4 8. Be3 cxd4 9. Qxd4 Qxd4 10. Nxd4 e6 11. Nb5 Na6 12. Nxa7 Bb4+ 13. Kf2 Nc5 14. Nb5 Ne4+ 15. Kg1 Rd8 16. N1c3 Bc5 17. Bxc5 Nxc5 18. Nd6+ Ke7 19. h3 Bh5 20. g4 Bg6 21. b4 Nca4 22. Nxa4 Nxa4 23. Nxb7 Rd7 24. Na5 Rc8 25. Bg2 Nb2 26. c5 Rd2 27. Rh2 Nd3 28. Bb7 Rxh2 29. Kxh2 Rc7 30. a3 Nxe5 31. Kg3 Nd3 32. Bf3 e5 33. h4 f5 34. gxf5 Bxf5 35. Nc4 h6 36. Ne3 Ke6 37. Bd5+ Kf6 38. Bc4 Nf4 39. Rd1 Rd7 40. Rxd7 Bxd7 41. b5 Ke7 42. a4 g5 43. hxg5 hxg5 44. Kf3 Be6 45. Bxe6 Nxe6 46. Nd5+ Kd7 47. Nf6+ Kc7 48. Ne4 Nf4 49. Kg4 Nd3 50. Kxg5 Nb2 51. a5 Nc4 52. a6 Kb8 53. Kf6 Ka7 54. Ke6 Na3 55. Nd6 e4 56. b6+ Kxa6 57. Nxe4 Nc4 58. Nc3 Nxb6 1/2-1/2

[Event "Chorzow op"]
[Site "Chorzow"]
[Date "2010.03.21"]
[Round "2"]
[White "Muc, Zbigniew"]
[Black "Mirek, Lukasz"]
[Result "1-0"]
[WhiteElo "1835"]
[BlackElo "1643"]
[PlyCount "53"]
[EventDate "2010.03.20"]
[EventType "swiss"]
[EventRounds "9"]
[EventCountry "POL"]
[SourceTitle "EXT 2012"]
[Source "ChessBase"]
[SourceDate "2011.11.24"]
[SourceVersion "1"]
[SourceVersionDate "2011.11.24"]
[SourceQuality "1"]

1. e4 c5 2. d4 cxd4 3. c3 dxc3 4. Nxc3 d6 5. Nf3 Nc6 6. Bc4 Nf6 7. 0-0 e6 8. Qe2 Be7 9. Rd1 e5 10. h3 0-0 11. a3 Na5 12. Ba2 Bd7 13. Be3 b6 14. Rac1 Qe8 15. Bg5 Nb7 16. b4 Nd8 17. Bxf6 gxf6 18. Nd5 Ne6 19. Nh4 Nd4 20. Qh5 Rc8 21. Rxc8 Bxc8 22. Rd3 Kh8 23. Rc3 Be6 24. Rc7 Bxd5 25. exd5 a5 26. Bb1 f5 27. Nxf5 1-0

[Event "Chorzow op 45th"]
[Site "Chorzow"]
[Date "2009.04.05"]
[Round "9"]
[White "Muc, Zbigniew"]
[Black "Galyga, Jozef"]
[Result "0-1"]
[WhiteElo "1848"]
[BlackElo "1906"]
[PlyCount "82"]
[EventDate "2009.03.28"]
[EventType "swiss"]
[EventRounds "9"]
[EventCountry "POL"]
[SourceTitle "CBM 129 Extra"]
[Source "ChessBase"]
[SourceDate "2009.05.05"]
[SourceVersion "2"]
[SourceVersionDate "2009.05.20"]
[SourceQuality "1"]

1. e4 e6 2. d4 d5 3. e5 c5 4. c3 Nc6 5. Nf3 Qb6 6. Bd3 cxd4 7. cxd4 Bd7 8. 0-0 Nxd4 9. Nxd4 Qxd4 10. Nc3 a6 11. Qe2 Ne7 12. Rd1 Nc6 13. Bc2 Qxe5 14. Qxe5 Nxe5 15. Re1 f6 16. f4 Bc5+ 17. Kh1 Ng4 18. h3 Nf2+ 19. Kh2 Kf7 20. Bd2 f5 21. a3 Rac8 22. Rac1 b5 23. b4 Bb6 24. Bb1 Rc7 25. Bxf5 exf5 26. Nxd5 Rxc1 27. Re7+ Kf8 28. Bxc1 Bc6 29. Re5 Bxd5 30. Rxd5 Ke7 31. Rxf5 Nd3 32. Bd2 g6 33. Rg5 Bc7 34. g3 Rd8 35. Bc3 Nxf4 36. Rc5 Nd5 37. Bd2 Ke6 38. Bg5 Rd7 39. Kg2 Be5 40. Bc1 Rc7 41. Rxc7 Nxc7 0-1

[Event "Chorzow Bak Memorial op"]
[Site "Chorzow"]
[Date "2008.11.18"]
[Round "5"]
[White "Chmiel, Dominika"]
[Black "Muc, Zbigniew"]
[Result "1-0"]
[WhiteElo "2189"]
[BlackElo "1842"]
[PlyCount "39"]
[EventDate "2008.11.15"]
[EventType "swiss"]
[EventRounds "9"]
[EventCountry "POL"]
[SourceTitle "EXT 2010"]
[Source "ChessBase"]
[SourceDate "2010.11.25"]
[SourceVersion "1"]
[SourceVersionDate "2010.11.25"]
[SourceQuality "1"]

1. e4 c6 2. d4 d5 3. Nd2 dxe4 4. Nxe4 Nd7 5. Bc4 Ngf6 6. Ng5 Nd5 7. c3 N7f6 8. N5f3 Bg4 9. h3 Bh5 10. g4 Bg6 11. Ne5 e6 12. h4 h6 13. Nxg6 fxg6 14. Bd3 Kf7 15. Qc2 Nxg4 16. Bxg6+ Ke7 17. Nf3 Qc7 18. Rg1 Ndf6 19. Qe2 Rd8 20. Bf5 1-0

[Event "Chorzow Bak Memorial op"]
[Site "Chorzow"]
[Date "2008.11.18"]
[Round "4"]
[White "Muc, Zbigniew"]
[Black "Fraczek, Leslaw"]
[Result "0-1"]
[WhiteElo "1842"]
[BlackElo "1915"]
[PlyCount "136"]
[EventDate "2008.11.15"]
[EventType "swiss"]
[EventRounds "9"]
[EventCountry "POL"]
[SourceTitle "EXT 2010"]
[Source "ChessBase"]
[SourceDate "2010.11.25"]
[SourceVersion "1"]
[SourceVersionDate "2010.11.25"]
[SourceQuality "1"]

1. e4 e5 2. Nf3 Nc6 3. Bb5 a6 4. Ba4 Nf6 5. 0-0 Be7 6. Re1 b5 7. Bb3 d6 8. c3 0-0 9. h3 Nb8 10. d4 Nbd7 11. Nbd2 Bb7 12. Bc2 Re8 13. Nf1 Bf8 14. Ng3 g6 15. Bg5 h6 16. Be3 Bg7 17. Qd2 Kh7 18. Nh2 c5 19. f3 Rc8 20. a4 Nb6 21. dxc5 Nc4 22. Qc1 Nxe3 23. Qxe3 dxc5 24. axb5 axb5 25. Red1 Qc7 26. Ng4 Nxg4 27. hxg4 Ra8 28. Rab1 Bf8 29. Qd3 c4 30. Qd7 Qc5+ 31. Kh2 Re7 32. Qd2 Rc7 33. Nf1 Be7 34. Qe2 Qb6 35. Ne3 Qf6 36. g3 Rd8 37. Kg2 Rcd7 38. Rxd7 Rxd7 39. Rh1 Qd6 40. Rd1 Qe6 41. Rxd7 Qxd7 42. b3 Bc5 43. bxc4 Bxe3 44. Qxe3 bxc4 45. Qe2 Qc6 46. Kh3 Bc8 47. Kh2 Be6 48. f4 Qc8 49. f5 Bd7 50. Qd2 Qc6 51. Qd5 Qxd5 52. exd5 Kg7 53. Kg2 Kf6 54. fxg6 fxg6 55. Kf3 Kg5 56. Ke4 Kxg4 57. Kxe5 g5 58. Kd6 Be8 59. Kc5 Kxg3 60. d6 Bd7 61. Bg6 Kf4 62. Kxc4 Ke5 63. Kc5 g4 64. Bh5 g3 65. Bf3 h5 66. Bc6 h4 67. Bg2 h3 68. Bxh3 Bxh3 0-1

[Event "Chorzow Bak Memorial op"]
[Site "Chorzow"]
[Date "2008.11.16"]
[Round "2"]
[White "Muc, Zbigniew"]
[Black "Mulet, Piotr"]
[Result "0-1"]
[WhiteElo "1842"]
[BlackElo "2294"]
[PlyCount "124"]
[EventDate "2008.11.15"]
[EventType "swiss"]
[EventRounds "9"]
[EventCountry "POL"]
[SourceTitle "EXT 2010"]
[Source "ChessBase"]
[SourceDate "2010.11.25"]
[SourceVersion "1"]
[SourceVersionDate "2010.11.25"]
[SourceQuality "1"]

1. e4 e6 2. d4 d5 3. e5 c5 4. c3 Nc6 5. Nf3 Qb6 6. a3 cxd4 7. cxd4 Bd7 8. Nc3 Nge7 9. Na4 Qc7 10. Bf4 Ng6 11. Bg3 Rc8 12. Rc1 Qa5+ 13. Nc3 a6 14. h4 Nge7 15. Bf4 Qb6 16. Na4 Qa5+ 17. Nc3 b5 18. g4 h5 19. gxh5 Nf5 20. Bh3 Nce7 21. Bd2 Qb6 22. Ne2 Rxc1 23. Bxc1 Rxh5 24. Bg4 Rh8 25. Ng3 b4 26. axb4 Qxb4+ 27. Kf1 Ba4 28. Qd2 Nxg3+ 29. fxg3 Nc6 30. Kg2 Qxd2+ 31. Bxd2 Be7 32. Bc3 Kd7 33. Rf1 Bb5 34. Rf2 Bd3 35. Ng5 Bxg5 36. hxg5 Be4+ 37. Bf3 Bxf3+ 38. Kxf3 Ke7 39. b4 Rb8 40. Rb2 Rc8 41. Rb3 Na7 42. Ke3 Nb5 43. Bb2 Rc4 44. Kd3 Kf8 45. Ke3 Kg8 46. Ba3 Kh7 47. Rd3 Kg6 48. Bb2 Kxg5 49. Kf3 Rc2 50. Ba3 Kf5 51. g4+ Kg5 52. Kg3 Nxd4 53. b5 Nxb5 54. Be7+ Kg6 55. Kh4 d4 56. Rf3 Rc3 57. Rf2 d3 58. Ra2 Rc2 59. Rxa6 d2 60. Ra1 Rc1 61. Bg5 Rxa1 62. Bxd2 Ra4 0-1

[Event "POL-chT4 Slaskie"]
[Site "Poland"]
[Date "2008.04.13"]
[Round "5.43"]
[White "Muc, Zbigniew"]
[Black "Gromada, Andrzej"]
[Result "0-1"]
[WhiteElo "1847"]
[BlackElo "1986"]
[PlyCount "72"]
[EventDate "2008.02.10"]
[EventType "team-swiss"]
[EventRounds "9"]
[EventCountry "POL"]
[SourceTitle "EXT 2019"]
[Source "ChessBase"]
[SourceDate "2018.10.10"]
[SourceVersion "1"]
[SourceVersionDate "2018.10.10"]
[SourceQuality "1"]

1. e4 c6 2. d4 d5 3. e5 c5 4. c3 Nc6 5. Bb5 Qb6 6. Ba4 Bf5 7. dxc5 Qxc5 8. Be3 Qa5 9. Nf3 Bg4 10. Nbd2 Qa6 11. h3 Bd7 12. Bb3 e6 13. Qe2 Qxe2+ 14. Kxe2 Nge7 15. Bc2 Ng6 16. Bxg6 hxg6 17. Rad1 Rh5 18. Nb3 Nxe5 19. Nbd4 Nxf3 20. Nxf3 Bb5+ 21. Ke1 Bc6 22. Kf1 b6 23. Nd4 Rc8 24. a4 Bd7 25. Ne2 Bc5 26. Ng3 Rh4 27. a5 Ra4 28. Bxc5 Rxc5 29. axb6 axb6 30. Ne2 Rca5 31. Rb1 Ra2 32. c4 R2a4 33. b4 Ra8 34. cxd5 exd5 35. Nc3 R4a7 36. Nxd5 Be6 0-1

[Event "POL-chT4 Slaskie"]
[Site "Poland"]
[Date "2008.04.13"]
[Round "6.31"]
[White "Smieja, Adam"]
[Black "Muc, Zbigniew"]
[Result "0-1"]
[WhiteElo "1859"]
[BlackElo "1847"]
[PlyCount "89"]
[EventDate "2008.02.10"]
[EventType "team-swiss"]
[EventRounds "9"]
[EventCountry "POL"]
[SourceTitle "EXT 2019"]
[Source "ChessBase"]
[SourceDate "2018.10.10"]
[SourceVersion "1"]
[SourceVersionDate "2018.10.10"]
[SourceQuality "1"]

1. e4 c6 2. d4 d5 3. exd5 cxd5 4. c4 Nf6 5. Nc3 Nc6 6. Nf3 Bg4 7. Be2 e6 8. cxd5 Nxd5 9. 0-0 Bb4 10. Nxd5 Qxd5 11. a3 Ba5 12. b4 Bc7 13. h3 Bh5 14. Qa4 0-0 15. b5 Na5 16. Be3 b6 17. Rac1 Rac8 18. Bd1 Bb8 19. Be2 Qd6 20. g3 Qd5 21. g4 Bg6 22. Nd2 h6 23. f4 Be4 24. Nxe4 Qxe4 25. Kf2 Bxf4 26. Bxf4 Qxf4+ 27. Kg2 Qe3 28. Rce1 Rfd8 29. Qb4 Rc2 30. Rf2 Qxd4 31. Rd1 Rd2 32. Rxd2 Qxd2 33. Qe7 Rd7 34. Qe8+ Kh7 35. Bf3 Qd4 36. Rf1 Nc4 37. Re1 Rc7 38. Be4+ g6 39. Bf3 Nxa3 40. Rd1 Qb2+ 41. Kh1 Qxb5 42. Qf8 Qc5 43. Qa8 Qf2 44. Be4 Nb5 45. Qd8 0-1

[Event "Tarnowskie Gory Piasta Memorial 5th"]
[Site "Tarnowskie Gory"]
[Date "2007.08.07"]
[Round "9"]
[White "Muc, Zbigniew"]
[Black "Breuer, Falk"]
[Result "1-0"]
[WhiteElo "1850"]
[BlackElo "2068"]
[PlyCount "77"]
[EventDate "2007.07.28"]
[EventType "swiss"]
[EventRounds "10"]
[EventCountry "POL"]
[SourceTitle "EXT 2011"]
[Source "ChessBase"]
[SourceDate "2010.11.26"]
[SourceVersion "1"]
[SourceVersionDate "2010.11.26"]
[SourceQuality "1"]

1. e4 e6 2. d4 d5 3. e5 c5 4. c3 Qb6 5. Nf3 cxd4 6. cxd4 Nc6 7. Nc3 Bb4 8. Bd3 Bd7 9. Bc2 Bxc3+ 10. bxc3 Na5 11. 0-0 Ne7 12. Re1 Rc8 13. Rb1 Qc7 14. Re3 Nc4 15. Rd3 0-0 16. Ng5 h6 17. Rh3 f6 18. Nh7 fxe5 19. Nxf8 Rxf8 20. Qg4 e4 21. Bxh6 Nf5 22. Rg3 Rf7 23. Bf4 e5 24. dxe5 Nxg3 25. Qxg3 Qc6 26. Bb3 b6 27. h4 Bf5 28. Rd1 Be6 29. h5 Nb2 30. Rd4 Nd3 31. Bd2 Nxf2 32. c4 Ng4 33. cxd5 Qc5 34. Qc3 Qf8 35. Qc1 Rf2 36. Qe1 Qf5 37. dxe6 Qxe5 38. e7+ Kh7 39. Qxe4+ 1-0

[Event "Tarnowskie Gory Piasta Memorial 5th"]
[Site "Tarnowskie Gory"]
[Date "2007.07.28"]
[Round "2"]
[White "Kielar, Maciej"]
[Black "Muc, Zbigniew"]
[Result "1-0"]
[WhiteElo "1976"]
[BlackElo "1850"]
[PlyCount "65"]
[EventDate "2007.07.28"]
[EventType "swiss"]
[EventRounds "10"]
[EventCountry "POL"]
[SourceTitle "EXT 2011"]
[Source "ChessBase"]
[SourceDate "2010.11.26"]
[SourceVersion "1"]
[SourceVersionDate "2010.11.26"]
[SourceQuality "1"]

1. e4 c6 2. d4 d5 3. Nc3 dxe4 4. Nxe4 Nf6 5. Nxf6+ gxf6 6. Nf3 Bg4 7. c3 Qc7 8. Bd3 Nd7 9. h3 Bh5 10. g4 Bg6 11. Bxg6 hxg6 12. Be3 Nb6 13. Qb3 Nd5 14. Bd2 e6 15. c4 Nb6 16. 0-0-0 Bh6 17. g5 fxg5 18. Nxg5 0-0-0 19. Be3 Qe7 20. f4 Kb8 21. a4 Nc8 22. c5 Rd5 23. Rhf1 Ka8 24. h4 Bg7 25. Bf2 Qc7 26. Bg3 Bxd4 27. f5 Qe7 28. fxg6 Qxc5+ 29. Kb1 Qb6 30. Qxb6 Nxb6 31. gxf7 Nd7 32. Nxe6 Bf6 33. Nc7+ 1-0

[Event "Lasker Memorial op-B 15th"]
[Site "Barlinek"]
[Date "2007.06.07"]
[Round "6"]
[White "Muc, Zbigniew"]
[Black "Kolomytchenko, Igor Aleksandrovich"]
[Result "0-1"]
[WhiteElo "2010"]
[BlackElo "2046"]
[PlyCount "88"]
[EventDate "2007.06.02"]
[EventType "swiss"]
[EventRounds "10"]
[EventCountry "POL"]
[SourceTitle "CBM 118 Extra"]
[Source "ChessBase"]
[SourceDate "2007.07.04"]
[SourceVersion "1"]
[SourceVersionDate "2007.07.04"]
[SourceQuality "1"]

1. e4 c6 2. d4 d5 3. e5 Bf5 4. h4 h5 5. c4 e6 6. Nc3 dxc4 7. Bxc4 Nd7 8. Bg5 Qb6 9. Qd2 Ne7 10. Nge2 Nd5 11. Ng3 Bg6 12. a3 f6 13. exf6 gxf6 14. Be3 0-0-0 15. Rc1 Kb8 16. Na4 Qc7 17. Bxd5 exd5 18. Ne2 Bd6 19. Nf4 Bf7 20. b4 Nb6 21. Nc5 Rde8 22. b5 Bxf4 23. bxc6 Bxe3 24. fxe3 Qg3+ 25. Kf1 Rxe3 26. Qb2 Rhe8 27. Nd7+ Ka8 28. Qb4 bxc6 29. Nxb6+ axb6 30. Qa4+ Kb8 31. Qb4 Rb3 32. Qd2 Be6 33. a4 Bg4 34. Qf2 Qxf2+ 35. Kxf2 Re2+ 36. Kg1 Kb7 37. Ra1 Rbb2 38. Rh2 Red2 39. Rf1 f5 40. Ra1 Rxd4 41. g3 Rxh2 42. Kxh2 Rd2+ 43. Kg1 Rd1+ 44. Rxd1 Bxd1 0-1

[Event "Lasker Memorial op-B 15th"]
[Site "Barlinek"]
[Date "2007.06.05"]
[Round "4"]
[White "Wisniowska, Klaudia"]
[Black "Muc, Zbigniew"]
[Result "0-1"]
[WhiteElo "1845"]
[BlackElo "2010"]
[PlyCount "76"]
[EventDate "2007.06.02"]
[EventType "swiss"]
[EventRounds "10"]
[EventCountry "POL"]
[SourceTitle "CBM 118 Extra"]
[Source "ChessBase"]
[SourceDate "2007.07.04"]
[SourceVersion "1"]
[SourceVersionDate "2007.07.04"]
[SourceQuality "1"]

1. e4 c6 2. d4 d5 3. exd5 cxd5 4. c4 Nf6 5. Nc3 Nc6 6. Nf3 Bg4 7. cxd5 Nxd5 8. Qb3 Bxf3 9. gxf3 e6 10. Be3 Bb4 11. a3 Bxc3+ 12. bxc3 Qb6 13. Qc2 Rc8 14. Rd1 Qa5 15. Rd3 Qxa3 16. Be2 Qa1+ 17. Qd1 Qxd1+ 18. Bxd1 0-0 19. Bd2 Na5 20. Rg1 Rfe8 21. Kf1 Nc4 22. Bc1 b5 23. f4 Nd6 24. Rdg3 Nf5 25. Rg5 Nxc3 26. Bf3 g6 27. Be3 b4 28. d5 Nxe3+ 29. fxe3 Nxd5 30. Bxd5 exd5 31. Kf2 Rc2+ 32. Kf3 Rxh2 33. Rxd5 Rh3+ 34. Kg4 Rhxe3 35. Rb5 R8e4 36. Rb1 Kg7 37. R5xb4 h5+ 38. Kh4 a5 0-1

[Event "Lasker Memorial op-B 15th"]
[Site "Barlinek"]
[Date "2007.06.03"]
[Round "2"]
[White "Muc, Zbigniew"]
[Black "Hrynkiewicz, Bartosz"]
[Result "0-1"]
[WhiteElo "2010"]
[BlackElo "1957"]
[PlyCount "80"]
[EventDate "2007.06.02"]
[EventType "swiss"]
[EventRounds "10"]
[EventCountry "POL"]
[SourceTitle "CBM 118 Extra"]
[Source "ChessBase"]
[SourceDate "2007.07.04"]
[SourceVersion "1"]
[SourceVersionDate "2007.07.04"]
[SourceQuality "1"]

1. e4 c5 2. d4 cxd4 3. c3 dxc3 4. Nxc3 Nc6 5. Nf3 d6 6. Bc4 e6 7. 0-0 Nf6 8. Qe2 a6 9. Rd1 Qc7 10. Bf4 Ne5 11. Bxe5 dxe5 12. Rac1 Qb8 13. a3 Be7 14. b4 0-0 15. h3 b5 16. Bb3 Bd7 17. g4 Rd8 18. Ne1 a5 19. Nd3 Bc6 20. g5 Nd7 21. Qg4 Nf8 22. h4 Rd4 23. f3 axb4 24. Ne2 Rd6 25. axb4 Qb6+ 26. Kg2 Qe3 27. Rc2 Rxd3 28. Rxd3 Qxd3 29. Rb2 Ra1 30. Qg3 Ng6 31. Qf2 Nf4+ 32. Nxf4 exf4 33. Bc2 Qe3 34. Qxe3 fxe3 35. Bd3 Rd1 36. Be2 Rd2 37. Rxd2 exd2 38. Kf2 Bxb4 39. Bd1 Bc3 40. Ke2 b4 0-1